000 00337 a2200169 4500
001 192094
020 _a978-85-16-09695-3
040 _cMagnum
100 _aAlencar, José de
240 1 0 _aSenhora
_lpor
245 1 0 _aSenhora
300 _a288
362 0 _a2015
440 1 _aModerna
697 _aLITERATURA GERAL
942 _cBK
999 _c192094
_d192094